लोड हो रहा है...

Management of international financial institutions

ग्रंथसूची विवरण
मुख्य लेखक: Saxena, R B
स्वरूप: Printed Book
प्रकाशित: Discovery Publishing House Pvt. Ltd., New Delhi 1985
विषय:
LEADER 00532nam a2200157 4500
082 |a 332.15 SAX-M 
100 |a Saxena, R B 
245 |a Management of international financial institutions  |c Saxena, R B 
250
260 |a Discovery Publishing House Pvt. Ltd., New Delhi  |c 1985 
300 |a 189 p 
490
650 |a International banks and banking--Financial economics 
942 |c BK 
999 |c 124196  |d 124196 
952 |0 0  |1 0  |4 0  |6 332_150000000000000_SAXM  |7 0  |9 137658  |a COM  |b COM  |l 0  |o 332.15 SAX-M  |p COM00297  |r 2019-10-24  |w 2019-10-24  |y BK